| 000 | 00729cam a22002411 4500 | ||
|---|---|---|---|
| 001 | 15647 | ||
| 003 | BD-RjUL | ||
| 005 | 20211208235848.0 | ||
| 008 | 140210s1953 nyu 000 0 eng | ||
| 035 | _a(BD-RjUL)15702 | ||
| 035 | _a(OCoLC)1458747 | ||
| 040 |
_aDLC _cFJ _dOCoLC _dUk _dDLC _dBD-RjUL _beng |
||
| 041 | _aeng | ||
| 082 |
_a658.8 _bWHY |
||
| 245 | 1 | 0 |
_aWhy do people buy? _bA close look at selling, the great unsolved problem of American business, _cby the editors of Fortune. |
| 260 |
_aNew York : _bMcGraw-Hill, _c1953. |
||
| 300 |
_a270 p. ; _c21 cm. |
||
| 650 | 0 |
_aRetail trade _zUnited States. _948145 |
|
| 650 | 0 |
_aSales management. _948009 |
|
| 942 |
_2ddc _cBK |
||
| 999 |
_c15647 _d15647 |
||